| 000 | 00497nam a2200181 4500 | ||
|---|---|---|---|
| 005 | 20260409145714.0 | ||
| 008 | 260409b |||||||| |||| 00| 0 eng d | ||
| 020 |
_a9789370891661 _cRs. 799.00 |
||
| 040 | _aMAIN | ||
| 082 |
_a181.4 _bD26H |
||
| 100 | _aDasgupta, S N | ||
| 245 | _aHistory of Indian philosophy: Theism of India, V3 | ||
| 260 |
_aDelhi _bFingerprint Classics Prakash Books _c2026 |
||
| 300 | _axviii, 733 | ||
| 650 | _aPhilosophy | ||
| 650 | _aIndian Philosophy | ||
| 942 | _cBK | ||
| 999 |
_c397312 _d397312 |
||